| 000 | 00672nam a22002177a 4500 | ||
|---|---|---|---|
| 999 |
_c172687 _d172687 |
||
| 005 | 20200211111950.0 | ||
| 010 | _aENG-127792 | ||
| 020 | _c490.00 | ||
| 035 | _aEN-111324 | ||
| 037 | _bDBAD/PUB | ||
| 082 | _a570 | ||
| 100 | _aRagland,Annie | ||
| 245 |
_aCell biology molecular biology and genetics/ _cby Annie Ragland,V. Kumaresan [and] N.Arumugam |
||
| 250 | _a1st ed. | ||
| 260 |
_aTamil Nadu _bSaras publication _c2018 |
||
| 270 |
_a114/35G,A.R.P.Camp Road,Periavilai,Kottar P.O.,Nagercoil _bKanyakumari Dist. _e629002 |
||
| 300 |
_axxii,;825p _c23cm(pbk) |
||
| 700 | _aV. Kumaresan | ||
| 700 | _a N.Arumugam | ||
| 942 |
_2ddc _cEN _mRAG _h570 |
||